<?xml version="1.0" encoding="UTF-8"?>
<record
    xmlns:xsi="http://www.w3.org/2001/XMLSchema-instance"
    xsi:schemaLocation="http://www.loc.gov/MARC21/slim http://www.loc.gov/standards/marcxml/schema/MARC21slim.xsd"
    xmlns="http://www.loc.gov/MARC21/slim">

  <leader>00967nam a2200169   4500</leader>
  <controlfield tag="003">LK-CoMWRAF</controlfield>
  <controlfield tag="005">20240128231653.0</controlfield>
  <controlfield tag="008">240128b        |||||||| |||| 00| 0 eng d</controlfield>
  <datafield tag="040" ind1=" " ind2=" ">
    <subfield code="a">LK-CoMWRAF</subfield>
    <subfield code="d">LK-CoMWRAF</subfield>
    <subfield code="e">LK-CoMWRAF</subfield>
  </datafield>
  <datafield tag="041" ind1=" " ind2=" ">
    <subfield code="a">sin</subfield>
  </datafield>
  <datafield tag="082" ind1=" " ind2=" ">
    <subfield code="a">303.66</subfield>
    <subfield code="b">KOD</subfield>
  </datafield>
  <datafield tag="100" ind1=" " ind2=" ">
    <subfield code="a">&#xD9A;&#xDDC;&#xDA9;&#xDD2;&#xD9A;&#xDCF;&#xDBB;. &#xDA0;&#xDD6;&#xDBD;&#xDB1;&#xDD3;</subfield>
    <subfield code="v">Kodikara, Choolani</subfield>
  </datafield>
  <datafield tag="245" ind1=" " ind2=" ">
    <subfield code="a">&#xDC3;&#xDCA;&#xDAD;&#xDCA;&#x200D;&#xDBB;&#xDD3; &#xDB4;&#xDD4;&#xDBB;&#xDD4;&#xDC2; &#xDC3;&#xDB8;&#xDCF;&#xDA2;&#xDB7;&#xDCF;&#xDC0;&#xDD3;&#xDBA; &#xD9A;&#xDCA;&#x200D;&#xDBB;&#xDD2;&#xDBA;&#xDCF;&#xDC0;&#xDBD;&#xDD2;&#xDBA;&#xD9A;&#xDCA; &#xDBD;&#xDD9;&#xDC3; &#xDC3;&#xDCF;&#xDB8;&#xDBA; &#xD9C;&#xDDC;&#xDA9;&#xDB1;&#xDD0;&#xD82;&#xDC0;&#xDD3;&#xDB8; :</subfield>
    <subfield code="b">&#xD9A;&#xDCF;&#xDB1;&#xDCA;&#xDAD;&#xDCF;&#xDC0;&#xDB1;&#xDCA; &#xDC0;&#xDD2;&#xDC3;&#xDD2;&#xDB1;&#xDCA; &#xDC3;&#xDCF;&#xDB8;&#xDBA; &#xD9C;&#xDDC;&#xDA9;&#xDB1;&#xDD0;&#xDB1;&#xDCA;&#xDC0;&#xDD3;&#xDB8;&#xDA7; &#xDAF;&#xDBB;&#xDB1; &#xDBD;&#xDAF; &#xD8B;&#xDAD;&#xDCA;&#xDC3;&#xDCF;&#xDC4;&#xDBA; &#xD85;&#xDC0;&#xDB6;&#xDDD;&#xDB0; &#xD9A;&#xDBB; &#xD9C;&#xDD0;&#xDB1;&#xDD3;&#xDB8; 1970 &#xDAF;&#xDC1;&#xD9A;&#xDBA; - 2008</subfield>
  </datafield>
  <datafield tag="246" ind1=" " ind2=" ">
    <subfield code="a">Sthree purusha samajabhaweeya kriyawaliyakclesa samaya godananweema : Kanthawan wisin samaya godananweemata darana uthsahayan awabhodha kara ganeema 1970 dhasakaya - 2008</subfield>
  </datafield>
  <datafield tag="260" ind1=" " ind2=" ">
    <subfield code="a">Colombo :</subfield>
    <subfield code="b">Women defining peace, </subfield>
    <subfield code="c">2009</subfield>
  </datafield>
  <datafield tag="942" ind1=" " ind2=" ">
    <subfield code="c">BK</subfield>
  </datafield>
  <datafield tag="952" ind1=" " ind2=" ">
    <subfield code="0">0</subfield>
    <subfield code="1">0</subfield>
    <subfield code="4">0</subfield>
    <subfield code="7">0</subfield>
    <subfield code="a">MAIN</subfield>
    <subfield code="b">MAIN</subfield>
    <subfield code="d">2024-01-28</subfield>
    <subfield code="l">0</subfield>
    <subfield code="o">303.66 KOD</subfield>
    <subfield code="p">RAF4990</subfield>
    <subfield code="r">2024-01-28</subfield>
    <subfield code="w">2024-01-28</subfield>
    <subfield code="y">BK</subfield>
  </datafield>
  <datafield tag="952" ind1=" " ind2=" ">
    <subfield code="0">0</subfield>
    <subfield code="1">0</subfield>
    <subfield code="4">0</subfield>
    <subfield code="7">0</subfield>
    <subfield code="a">MAIN</subfield>
    <subfield code="b">MAIN</subfield>
    <subfield code="d">2024-01-28</subfield>
    <subfield code="l">0</subfield>
    <subfield code="o">303.66 KOD</subfield>
    <subfield code="p">RAF4991</subfield>
    <subfield code="r">2024-01-28</subfield>
    <subfield code="w">2024-01-28</subfield>
    <subfield code="y">BK</subfield>
  </datafield>
  <datafield tag="999" ind1=" " ind2=" ">
    <subfield code="c">4690</subfield>
    <subfield code="d">4690</subfield>
  </datafield>
</record>
